Hyponome Sarsi Loven.

Saved in:
Bibliographic Details
Main Author: Lovén, Sven Ludvig, 1809-1895.
Format: Book
Language:Swedish
Tags: Add Tag
No Tags, Be the first to tag this record!
LEADER 00428nam a2200157K 4500
001 005299683-2
005 20020606095253.2
008 950214s1868 xx 000 0 swe d
035 0 |a ocm82793118 
040 |a HMZ  |c HMZ 
100 1 |a Lovén, Sven Ludvig,  |d 1809-1895. 
245 1 0 |a Hyponome Sarsi Loven. 
300 |a pp. 1. 
500 |a Föredrag i zool. sect. vid naturforsk-mötet i Christiania i Juli 1868. 
988 |a 20020608 
906 |0 MH